000 003930000a22001450004500
005 20120302062744.0
942 _cBOOK
100 _a MITTAL ,BHAGVAN DAS
245 _a AKHANDA BHAGYODAYA DARPAN ( DHANOPARJAN CHAMATKAR )
260 _aMATHURA : BHRUGU PRAKASHAN
300 _a204 P.
040 _aHIN
365 _bRS.3/-
650 _aJYOTISH SHASTRA / BHAGYODAYA / DHANOPARJAN / KUNDALI
999 _c357577
_d357574